000
00392nam a2200133Ia 4500
008
151001s9999||||xx |||||||||||||| ||und||
100
_a
सुर्यकांत मांडरे
245
_a
देवाशपथ खरं लिहीन
250
_a
1
260
_b
अमेय प्रकाशन पुणे
260
_c
2005
300
_a
360
365
_b
21
999
_c
996520
_d
996517